000 00391pab a2200169 454500
008 180718b2012 xxu||||| |||| 00| 0 eng d
100 _aSingh, Prem
245 _aAscendance of neo-liberalism on Raisina Hill
260 _c2012
300 _ap.6-8.
362 _a21 Jul
650 _aIndia - President
650 _aPresidents
773 _aMainstream
908 _aN
909 _a97373
999 _c97373
_d97373